000 00233nam a2200109Ia 4500
100 _a#N/A
942 _cBK
654 _aengineering graphics
245 _aEngineering Graphics with Auto CAD 2002
260 _b#N/A
546 _aENGLISH
999 _c25645
_d25645